Řízení projektů pomocí Project 2000

Enregistré dans:
Détails bibliographiques
Auteur principal: Adamec, František
Format: Livre
Langue:tchèque
anglais
Publié: Praha GRADA 2001
Sujets:
Tags: Ajouter un tag
Pas de tags, Soyez le premier à ajouter un tag!

MARC

LEADER 00000nam a2200000 4500
001 c124327
005 20240404135214.9
020 |a 80-7169-793-1 
041 0 |a cze 
041 0 |a eng 
041 0 |a cze 
041 0 |a eng 
044 |a CZ 
245 1 0 |a Řízení projektů pomocí Project 2000  |c František Adamec 
264 1 |a Praha  |b GRADA  |c 2001 
300 |a 231 s. 
610 2 0 |a riadenie projektové 
610 2 0 |a plánovanie 
610 2 0 |a systémy riadenia 
100 1 |a Adamec, František